000 00408nam a2200181Ia 4500
003 0100
008 130303s9999 xx 000 0 und d
040 _cARRUPELIB
050 _aLB1065.L81 1981
100 _aHouston, John P
245 _aFundamentals of Learning and Memory
250 _aSecond edition
260 _aNY
260 _bAcademic Press
260 _C1981
300 _a639p
942 0 0 _04
999 _c25648
_d25648